000 00684nam a2200277Ia 4500
001 Z_883
003 CHAP
008 220113s1989 xx 000 0 und d
010 _a163957
020 _a968-26-1088-5
040 _cCHAP
082 _a636.082 G6y
100 _aGordon, Ian
_950018
245 _aControl en la crianza de los animales de granja /
_cpor Ian Gordon
260 _aMéxico, D.F. :
_bCECSA,
_c1989
300 _a444 p. :
_bilus.
503 _ac/e
650 _aAnimales domésticos
_xMejoramiento
_95909
650 _aGenética animal
_947483
901 _a636.082 G6Y
902 _aM
910 _a1989
942 _c1
942 _cc1
999 _c163957
_d163957